Curso de intrumentación industrial

Gespeichert in:
Bibliographische Detailangaben
1. Verfasser: Glatzel Menconi, Carlos (VerfasserIn)
Format: Buch
Sprache:Spanisch
Veröffentlicht: Santiago Open Control 1977
Schlagworte:
Tags: Tag hinzufügen
Keine Tags, Fügen Sie den ersten Tag hinzu!

MARC

LEADER 00000nam a2200000 a 4500
001 UCV6697
003 CL-VaPUC
008 930830e19770000CL |||||||||||||||||spa|d
082 0 4 |a 681.2  |b GLA  |2 21 
100 0 |a Glatzel Menconi, Carlos  |e author  |9 300745 
245 1 0 |a Curso de intrumentación industrial 
300 |a 216 h 
942 |c BK 
945 |d 19930830 00:00:00 
260 |a Santiago  |b Open Control  |c 1977 
650 7 |a INSTRUMENTOS DE INGENIERIA  |2 CL-VaPUC  |9 263261 
650 0 |a Equipo industrial   |9 263607 
650 0 |a Control automático  |9 259890 
583 |a last modification  |c 20120517 10:22:23  |k Rodrigo Vera 
999 |c 212604  |d 212602 
952 |0 0  |1 0  |4 0  |6 681_200000000000000_GLA_1977  |7 0  |8 A  |9 193719  |a BIBING  |b BIBING  |d 2019-11-14  |i 2618753  |o 681.2 GLA 1977  |p 2618753  |r 2025-01-20  |w 2019-11-14  |y BK  |k EIE